Leo the African (Record no. 586285)
[ view plain ]
| 000 -LEADER | |
|---|---|
| fixed length control field | 00323nam a22001337a 4500 |
| 020 ## - INTERNATIONAL STANDARD BOOK NUMBER | |
| International Standard Book Number | 0349106002 |
| 082 ## - DEWEY DECIMAL CLASSIFICATION NUMBER | |
| Classification number | 843.2 |
| 100 ## - MAIN ENTRY--PERSONAL NAME | |
| Personal name | Maalouf, Amin |
| 245 ## - TITLE STATEMENT | |
| Title | Leo the African |
| Statement of responsibility, etc. | Amin Maalouf |
| 260 ## - PUBLICATION, DISTRIBUTION, ETC. | |
| Place of publication, distribution, etc. | London |
| Name of publisher, distributor, etc. | Abacus |
| Date of publication, distribution, etc. | 1986 |
| 300 ## - PHYSICAL DESCRIPTION | |
| Extent | 360p |
| 942 ## - ADDED ENTRY ELEMENTS (KOHA) | |
| Source of classification or shelving scheme | |
| Koha item type | Book |
| Withdrawn status | Lost status | Source of classification or shelving scheme | Materials specified (bound volume or other part) | Damaged status | Not for loan | Permanent Location | Current Location | Shelving location | Date acquired | Total Checkouts | Total Renewals | Full call number | Barcode | Date last seen | Date last checked out | Price effective from | Koha item type |
|---|---|---|---|---|---|---|---|---|---|---|---|---|---|---|---|---|---|
| Donated by Ms. Saima Anwer DFID | Central Library (CL) | Central Library (CL) | Fiction | 08/28/2021 | 2 | 3 | 843.2 MAA | CL-D-1153 | 05/10/2022 | 11/03/2021 | 08/28/2021 | Book |
